000 00393nam a2200145Ia 4500
008 100122s9999 xx 000 0 und d
082 _b41430
_a821
100 _aप्रभुल्लदत्त
245 _aऔदुंबर
260 _bरोहन प्रकाशन
_c1987
300 _a116
630 _aऔदुंबर
730 _aऔदुंबर
942 _cBOOK
999 _c422083
_d422080